| 000 | 00383cam a2200145ua 4500 | ||
|---|---|---|---|
| 041 |
_ahin _h |
||
| 082 |
_a891.43 _bRAM/KU |
||
| 100 | _aRamdhan , Sharma, Sastri . | ||
| 245 |
_aKuttkavia: Ek Adhyadhan / _cRandhan, Sharma, Shastri. _hTextual Documents |
||
| 260 |
_a : _bNational publishing co. , _c1963. |
||
| 300 | _a342 ; . | ||
| 504 | _a | ||
| 942 | _cBK | ||
| 999 |
_c12182 _d12182 |
||